| 000 | 00556nam a22001937a 4500 | ||
|---|---|---|---|
| 003 | OSt | ||
| 005 | 20260427031823.0 | ||
| 008 | 260427b |||||||| |||| 00| 0 eng d | ||
| 020 | _a0-07-121077-6 | ||
| 040 |
_aDWCL-Main lib. _cOC |
||
| 082 |
_22nd ed. _aCirc. 621.3815 N26e 2002 |
||
| 100 | _aNeamen, Donald E. | ||
| 245 |
_aElectronic circuit analysis and design/ _cDonald E. Neamen |
||
| 250 | _a2nd ed. | ||
| 260 | _bMcGraw-Hill | ||
| 300 |
_av, 1232 pages ; _c23 cm. |
||
| 504 | _aIncludes index | ||
| 942 |
_2ddc _cBK-CIRC _e2nd ed. _hCirc. _n0 |
||
| 999 |
_c9902 _d9902 |
||